| 000 | 00782nam a2200205 4500 | ||
|---|---|---|---|
| 001 | 85189 | ||
| 003 | BD-RjUL | ||
| 005 | 20250713153131.0 | ||
| 008 | 250713s1965 pk||||| |||| 00| 0 urd d | ||
| 035 | _a(BD-RjUL) 85189 | ||
| 040 |
_aBD-RjUL _beng _cBD-RjUL |
||
| 041 | _aurd | ||
| 082 | _223 | ||
| 100 |
_a کلیىم الدین احمد،, _d1908-1983 _916008 |
||
| 245 |
_aاردو شاعرى پر ایىک نظر : پرانى شاعرى / Urdū shāʻirī par ek naz̤ar : purānī shāʻirī / _c:کلیىم الدین احمد, (Author) / Kalīmuddīn Aḥmad, Kalīmuddīn Aḥmad (Author) |
||
| 260 |
_aLahore : _bعشرت پبلشنگ ;; Ishrat Publishing , _c1965 |
||
| 300 |
_a344 p. ; _c17 cm |
||
| 650 |
_aUrdu poetry _vHistory and criticism _98497 |
||
| 942 |
_2ddc _cBK |
||
| 999 |
_c85189 _d85189 |
||